1080 1728 1858 1256 1290 1694 1042 1975 1545 1735 1668 1642 1042 1359 1062 1990 1969 1264 1457 1077 1080 1802 1215 1074 1295 1771 1049 1016 1485 1238 1002 1690 1945 1797 1474 1149 1646 1677 1728 1621 1560 1987 1806 1703 1379 1838 1169 1351 1482 1516 1022 1511 1617 1529 1939 1368 1543 1108 1358 1639 1753 1118 1004 1036 1618 1442 1218 1309 1140 1179 1990 1578 1903 1881 1498 1998 1996 1173 1586 1486 1763 1846 1882 1816 1994 1100 1543 1515 1365 1706 1915 1113 1820 1910 1496 1611 1323 1239 1611 BCNSPRNW ULIB Ver.6.0+V

เปลี่ยนเป็นภาษาไทย

Change to English
 แสดงรายละเอียดบรรณานุกรม
  กลับหน้าหลัก

Brief Record : Get Marc (ISO 2709) : E-mail record : QR code < ปิดหน้าต่าง
LEADER : 00000nam 2200000uu 4500
001    13399113325
003     ULIB
008    111102s2553||||th 000 0 tha d
020    9786165051231 (ล.2)
060 04 WY160^bม246ก ล.2 2553
110 2  มหาวิทยาลัยสุโขทัยธรรมาธิราช. ^bสาขาวิชาพยาบาลศาสตร์
245 10 การส่งเสริมสุขภาพจิตและการพยาบาลจิตเวช หน่วยที่ 8-15=^bMental healthpromotion and psychiatric nursing /^cสาขาวิชาพยาบาลศาสตร์ มหาวิทยาลัยสุโขทัยธรรมาธิราช
250    พิมพ์ครั้งที่ 10
260    นนทบุรี :^bสำนักพิมพ์มหาวิทยาลัยสุโขทัยธรรมาธิราช,^c2553
300    478 หน้า. ;^c30 ซม.
500    "เอกสารการสอนชุดวิชา 51102 หน่วยที่ 8-15" --หน้าปกใน
650  7 การพยาบาลจิตเวชศาสตร์
650  7 การส่งเสริมสุขภาพจิต
945    ^p0^l0^i030669
945    ^p0^l0^i030670
945    ^p0^l0^i030671
945    ^p0^l0^i030672
945    ^p0^l0^i030673
945    ^p0^l0^i030674
995    ทศพร
999 ^a ทศพร
รายการนี้ยังไม่มีแท็ก
คุณยังไม่ได้ล็อกอิน คุณสามารถมีกิจกรรมร่วมกับเว็บไซต์ได้ แต่ต้องล็อกอินก่อน ::
  ล็อกอิน

รายการสื่อสารสนเทศ

ลำดับที่ ประเภท เลขเรียก/บาร์โค้ด สถานที่ สถานะ
1. วิทยาศาสตร์การแพทย์ และสุขภาพ
หนังสือสำรอง
สถานะ=หนังสือสำรอง
WY160 ม246ก ล.2 2553 ฉ.1 
  Barcode: 030669
ห้องสมุดวิทยาเขตสวรรค์ประชารักษ์
►ส่วนจัดเก็บหนังสือเก่า สปร
บนชั้น
  ขอยืม
2. วิทยาศาสตร์การแพทย์ และสุขภาพ
วิทยาศาสตร์การแพทย์ และสุขภาพ
WY160 ม246ก ล.2 2553 ฉ.2 
  Barcode: 030670
ห้องสมุดวิทยาเขตสวรรค์ประชารักษ์
►ส่วนจัดเก็บหนังสือเก่า สปร
บนชั้น
  ขอยืม
3. วิทยาศาสตร์การแพทย์ และสุขภาพ
วิทยาศาสตร์การแพทย์ และสุขภาพ
WY160 ม246ก ล.2 2553 ฉ.4 
  Barcode: 030672
ห้องสมุดวิทยาเขตสวรรค์ประชารักษ์
►ส่วนจัดเก็บหนังสือเก่า สปร
บนชั้น
  ขอยืม
4. วิทยาศาสตร์การแพทย์ และสุขภาพ
วิทยาศาสตร์การแพทย์ และสุขภาพ
WY160 ม246ก ล.2 2553 ฉ.5 
  Barcode: 030673
ห้องสมุดวิทยาเขตสวรรค์ประชารักษ์
►ส่วนจัดเก็บหนังสือเก่า สปร
บนชั้น
  ขอยืม
5. วิทยาศาสตร์การแพทย์ และสุขภาพ
วิทยาศาสตร์การแพทย์ และสุขภาพ
WY160 ม246ก ล.2 2553 ฉ.6 
  Barcode: 030674
ห้องสมุดวิทยาเขตสวรรค์ประชารักษ์
►ส่วนจัดเก็บหนังสือเก่า สปร
บนชั้น
  ขอยืม

รายการใกล้เคียง
    หัวเรื่อง [การพยาบาลจิตเวชศาสตร์]
    หัวเรื่อง [การส่งเสริมสุขภาพจิต]

BibComment


ยังไม่เคยถูกคอมเมนท์

คอมเมนท์ทรัพยากรรายการนี้
  คอมเมนท์: การส่งเสริมสุขภาพ..


 Copyright 2026. Bcnsprnw @Library